[Event "DOM-ch"]
[Site "Santo Domingo"]
[Date "2017.04.28"]
[Round "5"]
[White "Flete Ynoa, Julian Alberto"]
[Black "Eusebio Perez, Hector Eduardo"]
[Result "0-1"]
[WhiteElo "1904"]
[BlackElo "2142"]
[PlyCount "84"]
[EventDate "2017.04.21"]
[EventType "swiss"]
[EventRounds "11"]
[EventCountry "DOM"]
[SourceTitle "CBM 178 Extra"]
[Source "ChessBase"]
[SourceDate "2017.06.22"]
[SourceVersion "1"]
[SourceVersionDate "2017.06.22"]
[SourceQuality "1"]

1. d4 d5 2. Nf3 c6 3. c4 Nf6 4. Nc3 Bf5 5. Qb3 Qb6 6. c5 Qxb3 7. axb3 e6 8. Bf4 Nbd7 9. h3 Be7 10. b4 0-0 11. e3 a6 12. Nd2 Rfe8 13. Be2 Rac8 14. g4 Bg6 15. Nb3 Bd8 16. h4 Bc2 17. Na5 Bxa5 18. bxa5 e5 19. dxe5 Nxe5 20. Bxe5 Rxe5 21. Kd2 Bb3 22. Ra3 Bc4 23. Bxc4 dxc4 24. f3 Rd8+ 25. Ke2 Rde8 26. Na4 c3 27. bxc3 Rxe3+ 28. Kf2 h5 29. g5 Nd5 30. Rb1 R8e5 31. Rab3 Rf5 32. Kg1 Rfxf3 33. R3b2 Nf4 34. Rh2 Nh3+ 35. Kh1 Rg3 36. Rf1 Rg4 37. g6 Rxh4 38. gxf7+ Kf8 39. Rd2 Rf4 40. Rxf4 Nxf4 41. Rd7 Re7 42. Rd4 Ne6 0-1

[Event "DOM-ch"]
[Site "Santo Domingo"]
[Date "2017.04.23"]
[Round "4"]
[White "Crispin Ferreras, Darvi Abraham"]
[Black "Flete Ynoa, Julian Alberto"]
[Result "1/2-1/2"]
[WhiteElo "2203"]
[BlackElo "1904"]
[PlyCount "108"]
[EventDate "2017.04.21"]
[EventType "swiss"]
[EventRounds "11"]
[EventCountry "DOM"]
[SourceTitle "CBM 178 Extra"]
[Source "ChessBase"]
[SourceDate "2017.06.22"]
[SourceVersion "1"]
[SourceVersionDate "2017.06.22"]
[SourceQuality "1"]

1. e4 d5 2. exd5 Nf6 3. d4 Bg4 4. Be2 Bxe2 5. Nxe2 Qxd5 6. 0-0 Nc6 7. Nbc3 Qf5 8. Ng3 Qg6 9. Nce2 h5 10. Nf4 Qh7 11. d5 0-0-0 12. h4 e5 13. Nfxh5 Nxd5 14. Qe2 Kb8 15. c4 Nf4 16. Bxf4 exf4 17. Nxf4 Qxh4 18. Nh3 Bc5 19. Qf3 Nd4 20. Qe4 Ne2+ 21. Qxe2 Qxg3 22. Rfd1 Rde8 23. Qd3 Qg4 24. Re1 a6 25. a3 Rd8 26. Qe2 Qf5 27. b4 Bd4 28. Rad1 c5 29. Qe4 Qxe4 30. Rxe4 Rxh3 31. gxh3 Bxf2+ 32. Kxf2 Rxd1 33. Re7 Rd3 34. b5 axb5 35. cxb5 Rxa3 36. b6 Kc8 37. Rc7+ Kd8 38. Rxb7 Rb3 39. h4 c4 40. h5 c3 41. Ke2 Rb2+ 42. Kd3 c2 43. Kd2 f5 44. Kc1 Rb1+ 45. Kxc2 Rh1 46. Rxg7 Kc8 47. b7+ Kb8 48. Rh7 Rh3 49. h6 f4 50. Kd2 Rh4 51. Ke2 Rh3 52. Kf2 f3 53. Ke3 Ka7 54. Kf2 Kb8 1/2-1/2

[Event "DOM-ch"]
[Site "Santo Domingo"]
[Date "2017.04.21"]
[Round "1"]
[White "Flete Ynoa, Julian Alberto"]
[Black "Metz Souffront, Francisco Hipolito"]
[Result "0-1"]
[WhiteElo "1904"]
[BlackElo "2129"]
[PlyCount "61"]
[EventDate "2017.04.21"]
[EventType "swiss"]
[EventRounds "11"]
[EventCountry "DOM"]
[SourceTitle "CBM 178 Extra"]
[Source "ChessBase"]
[SourceDate "2017.06.22"]
[SourceVersion "1"]
[SourceVersionDate "2017.06.22"]
[SourceQuality "1"]

1. d4 Nf6 2. Bg5 e6 3. e3 Be7 4. Nd2 h6 5. Bh4 c5 6. Ngf3 Nc6 7. c3 b6 8. Bd3 Bb7 9. Qe2 Rc8 10. a3 d5 11. 0-0 0-0 12. Ne5 Nxe5 13. dxe5 Ne4 14. Bxe7 Qxe7 15. Bxe4 dxe4 16. Qg4 Qc7 17. Nc4 Ba6 18. Qxe4 Bxc4 19. Qxc4 Qxe5 20. Rad1 Rcd8 21. Rd3 Qh5 22. f3 b5 23. Qxb5 Rb8 24. Qa4 Rxb2 25. Qg4 Qxg4 26. fxg4 Rb3 27. Ra1 c4 28. Rd7 Kh8 29. Rc1 Rxa3 30. Rc7 Rd8 31. Kf2 0-1

[Event "Santo Domingo Autumn op"]
[Site "Santo Domingo"]
[Date "2016.10.07"]
[Round "1"]
[White "Valdez Cruz, Carlos Arturo"]
[Black "Flete Ynoa, Julian Alberto"]
[Result "0-1"]
[WhiteElo "1501"]
[BlackElo "1896"]
[PlyCount "48"]
[EventDate "2016.10.07"]
[EventType "swiss"]
[EventRounds "8"]
[EventCountry "DOM"]
[SourceTitle "CBM 175 Extra"]
[Source "ChessBase"]
[SourceDate "2016.12.12"]
[SourceVersion "1"]
[SourceVersionDate "2016.12.12"]
[SourceQuality "1"]

1. e4 c5 2. Bc4 e6 3. c3 Nf6 4. d3 Nc6 5. f4 d5 6. Bb3 dxe4 7. dxe4 Qxd1+ 8. Bxd1 Nxe4 9. Ba4 Bd7 10. Ne2 0-0-0 11. Be3 Ne7 12. Bc2 Bc6 13. Bxe4 Bxe4 14. Bxc5 b6 15. Bxe7 Bxe7 16. 0-0 Bc5+ 17. Kh1 Bd3 18. Ng3 Bxf1 19. Nxf1 Rd1 20. Nbd2 Rxa1 21. g3 Be3 22. Kg2 Bxd2 23. Nxd2 Rd8 24. Ne4 Rxa2 0-1

[Event "DOM-ch"]
[Site "Santo Domingo"]
[Date "2016.04.02"]
[Round "3"]
[White "Belliard Alonzo, Julio Cesar"]
[Black "Flete Ynoa, Julian Alberto"]
[Result "0-1"]
[WhiteElo "1651"]
[BlackElo "1899"]
[PlyCount "86"]
[EventDate "2016.04.01"]
[EventType "swiss"]
[EventRounds "11"]
[EventCountry "DOM"]
[SourceTitle "CBM 171 Extra"]
[Source "ChessBase"]
[SourceDate "2016.04.26"]
[SourceVersion "1"]
[SourceVersionDate "2016.04.26"]
[SourceQuality "1"]

1. d4 e6 2. c4 f5 3. Nc3 Nf6 4. Bg5 Be7 5. e3 b6 6. Bxf6 Bxf6 7. Qh5+ g6 8. Qf3 Nc6 9. d5 Ne5 10. Qd1 0-0 11. Nf3 Bb7 12. Nxe5 Bxe5 13. h4 Qf6 14. Qd3 a5 15. h5 Bxc3+ 16. bxc3 exd5 17. cxd5 Ba6 18. Qc2 Bxf1 19. Kxf1 Qe5 20. hxg6 hxg6 21. Rd1 Kg7 22. g3 Rh8 23. Rxh8 Rxh8 24. Kg2 Kf6 25. Qd3 Re8 26. Qd4 Qxd4 27. Rxd4 Re4 28. Rxe4 fxe4 29. f4 b5 30. a3 g5 31. d6 c5 32. Kf2 g4 33. Ke2 Ke6 34. Kd2 Kxd6 35. Kc2 a4 36. Kb2 Ke6 37. Kc2 d5 38. Kb2 d4 39. cxd4 cxd4 40. exd4 e3 41. Kc3 b4+ 42. axb4 a3 43. b5 a2 0-1

[Event "DOM-ch"]
[Site "Santo Domingo"]
[Date "2016.04.01"]
[Round "1"]
[White "Eusebio Perez, Hector Eduardo"]
[Black "Flete Ynoa, Julian Alberto"]
[Result "1/2-1/2"]
[WhiteElo "2131"]
[BlackElo "1899"]
[PlyCount "90"]
[EventDate "2016.04.01"]
[EventType "swiss"]
[EventRounds "11"]
[EventCountry "DOM"]
[SourceTitle "CBM 171 Extra"]
[Source "ChessBase"]
[SourceDate "2016.04.26"]
[SourceVersion "1"]
[SourceVersionDate "2016.04.26"]
[SourceQuality "1"]

1. e4 e6 2. d4 d5 3. e5 c5 4. c3 Qb6 5. Nf3 Nc6 6. a3 c4 7. Nbd2 Na5 8. Be2 Bd7 9. 0-0 h6 10. Rb1 Qc7 11. Qe1 Ba4 12. Bd1 Bxd1 13. Qxd1 Ne7 14. Qa4+ Nec6 15. b4 cxb3 16. Nxb3 a6 17. Nxa5 Qxa5 18. Qxa5 Nxa5 19. a4 Rc8 20. Bd2 Rc4 21. Ra1 Be7 22. Rfb1 Kd7 23. Kf1 Rhc8 24. Ke2 R8c6 25. Ra2 Bd8 26. Ne1 Rb6 27. Rxb6 Bxb6 28. Nd3 Kc7 29. Be1 Kd7 30. f4 Rc8 31. Rb2 Nc4 32. Rb3 Rc7 33. Nb2 Nxb2 34. Rxb2 Ba5 35. Kd3 Kc8 36. g4 Rc4 37. Ra2 f6 38. h3 fxe5 39. fxe5 Kd7 40. h4 Ke8 41. Rb2 b6 42. Ra2 Rc7 43. Rf2 Rc4 44. Ra2 Rc7 45. h5 Rc4 1/2-1/2

[Event "DOM-ch"]
[Site "Santo Domingo"]
[Date "2015.05.08"]
[Round "5"]
[White "Flete Ynoa, Julian Alberto"]
[Black "Castillo Ortiz, Nelson Javier"]
[Result "0-1"]
[WhiteElo "1867"]
[BlackElo "2028"]
[PlyCount "128"]
[EventDate "2015.05.01"]
[EventType "swiss"]
[EventRounds "11"]
[EventCountry "DOM"]
[SourceTitle "CBM 166 Extra"]
[Source "ChessBase"]
[SourceDate "2015.06.18"]
[SourceVersion "1"]
[SourceVersionDate "2015.06.18"]
[SourceQuality "1"]

1. e4 d6 2. d4 Nf6 3. Nc3 Nbd7 4. g4 h6 5. Bg2 e5 6. h3 Be7 7. Nge2 c6 8. 0-0 0-0 9. Be3 Re8 10. Ng3 Nf8 11. dxe5 dxe5 12. Qe2 Qc7 13. Nf5 Ng6 14. Kh2 Be6 15. b3 b5 16. f3 Nd7 17. Qf2 Bg5 18. Ne2 Bxf5 19. gxf5 Bxe3 20. Qxe3 Nf4 21. Rg1 Qb6 22. Qxb6 axb6 23. Nxf4 exf4 24. Rgd1 Ne5 25. c3 Red8 26. Rd4 c5 27. Rd5 Rxd5 28. exd5 Kf8 29. f6 gxf6 30. Bf1 Nxf3+ 31. Kg2 Nd2 32. Bxb5 f3+ 33. Kf2 Ne4+ 34. Kxf3 Nxc3 35. Bc6 Rd8 36. a4 Ke7 37. Re1+ Kd6 38. Kg4 Rg8+ 39. Kf5 Rg3 40. Kxf6 Nxd5+ 41. Bxd5 Kxd5 42. Rd1+ Kc6 43. Rb1 Rxh3 44. Kxf7 Rg3 45. Kf6 h5 46. Kf5 h4 47. Kf4 Rc3 48. Rb2 h3 49. Ke5 Rg3 50. Kf4 Rg2 51. Rb1 h2 52. Rh1 Rb2 53. Ke5 Re2+ 54. Kf4 Kb7 55. Kf3 Rb2 56. Ke4 Ka6 57. Kd5 Ka5 58. Kc4 Rg2 59. Kc3 Rg3+ 60. Kc4 Rg4+ 61. Kc3 Rh4 62. Kb2 Kb4 63. Ka2 Rh3 64. Ka1 Kxb3 0-1

[Event "DOM-ch"]
[Site "Santo Domingo"]
[Date "2015.05.02"]
[Round "2"]
[White "Rodriguez Franco, Carlos Manuel"]
[Black "Flete Ynoa, Julian Alberto"]
[Result "1-0"]
[WhiteElo "2010"]
[BlackElo "1867"]
[PlyCount "153"]
[EventDate "2015.05.01"]
[EventType "swiss"]
[EventRounds "11"]
[EventCountry "DOM"]
[SourceTitle "CBM 166 Extra"]
[Source "ChessBase"]
[SourceDate "2015.06.18"]
[SourceVersion "1"]
[SourceVersionDate "2015.06.18"]
[SourceQuality "1"]

1. d4 Nf6 2. c4 g6 3. Nc3 d5 4. Nf3 Bg7 5. Qb3 dxc4 6. Qxc4 0-0 7. e4 Na6 8. Be2 c5 9. d5 e6 10. 0-0 exd5 11. exd5 Bf5 12. Bf4 Re8 13. Nd2 Nb4 14. Rad1 Bc2 15. Rc1 Bf5 16. Rfd1 Bc2 17. Re1 Bf5 18. Nb3 Ne4 19. Nxc5 Nxc5 20. Qxb4 Nd3 21. Bxd3 Bxd3 22. Qxb7 Qf6 23. Bg3 Qg5 24. Qc6 Rec8 25. Qb7 h5 26. h4 Qg4 27. d6 Rab8 28. Qd5 Bc4 29. Qd2 Qd7 30. Re7 Qd8 31. Rce1 Be6 32. Rxa7 Rb4 33. d7 Rcb8 34. Bxb8 Rxb8 35. Qd6 Bf8 36. Qc7 Be7 37. Qxd8+ Bxd8 38. g3 Bb6 39. Ra4 Bxd7 40. Rae4 Be6 41. a3 Kg7 42. b4 Bf5 43. Re7 Bd4 44. Ne2 Bb2 45. Rd1 Bxa3 46. Nd4 Bg4 47. f3 Bxb4 48. Rc7 Ba5 49. Rcc1 Bd7 50. Rb1 Re8 51. Kg2 Bc3 52. Nb5 Bxb5 53. Rxb5 Re2+ 54. Kh3 Rf2 55. Rd3 Bf6 56. Rbd5 Ra2 57. Rc5 Ra1 58. Rc7 Be5 59. Rc5 Bf6 60. Rb5 Rh1+ 61. Kg2 Ra1 62. Rb7 Ra2+ 63. Kh3 Kg8 64. Rbb3 Ra7 65. g4 Ra2 66. Kg3 hxg4 67. fxg4 Be5+ 68. Kf3 Kh7 69. Ke4 Bg7 70. Rh3 Re2+ 71. Kf4 Re7 72. Rhe3 Rd7 73. Re4 Rc7 74. Rbe3 Rc5 75. Re7 Bd4 76. Rd3 Bf6 77. Re8 1-0